[Event "III Memorial Pedro Lezcano Montalvo 10"]
[Site "Gran Canaria (ESP)"]
[Date "2010.04.04"]
[Round "9.2"]
[White "Strikovic, Aleksa"]
[Black "Camino Carrio, Nicanor"]
[Result "1-0"]
[WhiteElo "2544"]
[BlackElo "2128"]
[PlyCount "83"]
[EventDate "2010.03.29"]
[EventType "swiss"]
[EventRounds "9"]
[EventCountry "ESP"]
[Source "Arranz, Pablo"]
[SourceDate "2010.03.29"]

1. Nf3 Nf6 2. c4 g6 3. Nc3 Bg7 4. d4 O-O 5. Bg5 h6 6. Bh4 c5 7. e3 d6 8. Be2 g5
9. Bg3 Nh5 10. dxc5 Nxg3 11. hxg3 dxc5 12. Qc2 f5 13. Nd2 Nc6 14. a3 e6 15.
O-O-O Qe7 16. g4 fxg4 17. Bxg4 a6 18. Nf3 b5 19. Qe4 b4 20. axb4 cxb4 21. Na4
Na5 22. Rd5 exd5 23. Qxe7 Bxg4 24. c5 Rac8 25. Qd6 Rfd8 26. Qb6 Nc4 27. Qg6
Bxf3 28. gxf3 Ne5 29. Qe6+ Kh7 30. f4 Nd3+ 31. Kb1 Nxf2 32. Rc1 Ne4 33. c6 Nd2+
34. Kc2 Nc4 35. b3 Na3+ 36. Kd3 gxf4 37. exf4 Rf8 38. Nb6 Rce8 39. Qg4 d4 40.
c7 Re3+ 41. Kd2 Rc3 42. c8=Q 1-0

[Event "III Memorial Pedro Lezcano Montalvo 10"]
[Site "Gran Canaria (ESP)"]
[Date "2010.04.04"]
[Round "9.3"]
[White "Barlov, Dragan"]
[Black "Gutierrez Olivares, Daniel"]
[Result "1/2-1/2"]
[WhiteElo "2487"]
[BlackElo "2190"]
[PlyCount "37"]
[EventDate "2010.03.29"]
[EventType "swiss"]
[EventRounds "9"]
[EventCountry "ESP"]
[Source "Arranz, Pablo"]
[SourceDate "2010.03.29"]

1. d4 e6 2. c4 Nf6 3. Nc3 Bb4 4. e3 b6 5. Nge2 Bb7 6. a3 Be7 7. Ng3 h5 8. d5 h4
9. Nge4 Nxe4 10. Nxe4 f5 11. Nc3 e5 12. e4 f4 13. Bd2 d6 14. Be2 Nd7 15. Bg4
Nf6 16. Be6 Bc8 17. Bxc8 Qxc8 18. h3 Rh6 19. Kf1 1/2-1/2

[Event "III Memorial Pedro Lezcano Montalvo 10"]
[Site "Gran Canaria (ESP)"]
[Date "2010.04.04"]
[Round "9.4"]
[White "Lopez Colon, Francisco"]
[Black "Hernandez, Holden"]
[Result "1/2-1/2"]
[WhiteElo "2245"]
[BlackElo "2541"]
[PlyCount "73"]
[EventDate "2010.03.29"]
[EventType "swiss"]
[EventRounds "9"]
[EventCountry "ESP"]
[Source "Arranz, Pablo"]
[SourceDate "2010.03.29"]

1. d4 Nf6 2. c4 e6 3. Nc3 Bb4 4. Qc2 O-O 5. a3 Bxc3+ 6. Qxc3 d5 7. Bg5 c5 8.
cxd5 cxd4 9. Qxd4 Nc6 10. Qh4 exd5 11. Bxf6 gxf6 12. e3 d4 13. Bd3 f5 14. Qxd8
Rxd8 15. exd4 Nxd4 16. Ne2 Nf3+ 17. gxf3 Rxd3 18. Rd1 Rxd1+ 19. Kxd1 Be6 20.
Kd2 Bd5 21. Nd4 Kg7 22. Nxf5+ Kf6 23. Nd4 Rg8 24. h4 Ke5 25. Ke3 Re8 26. Rg1 h6
27. Kd3 Rd8 28. Re1+ Kf4 29. Re3 Rd7 30. b3 a6 31. a4 Rd8 32. a5 Rd7 33. Kc3
Rc7+ 34. Kb4 f6 35. Re8 Rf7 36. Re3 Rc7 37. Re8 1/2-1/2

[Event "III Memorial Pedro Lezcano Montalvo 10"]
[Site "Gran Canaria (ESP)"]
[Date "2010.04.04"]
[Round "9.5"]
[White "Alvarado Ascanio, Francisco"]
[Black "Ortega Hermida, Daniel"]
[Result "0-1"]
[WhiteElo "2230"]
[BlackElo "2389"]
[Annotator "Arranz,Pablo"]
[PlyCount "76"]
[EventDate "2010.03.29"]
[EventType "swiss"]
[EventRounds "9"]
[EventCountry "ESP"]
[Source "Arranz, Pablo"]
[SourceDate "2010.03.29"]

1. d4 Nf6 2. Nf3 g6 3. e3 Bg7 4. Be2 O-O 5. O-O c5 6. dxc5 Qa5 7. a3 Qxc5 8. b4
Qc7 9. Bb2 b6 10. c4 Bb7 11. Nbd2 d6 12. Rc1 Nbd7 13. Qc2 $11 Rac8 14. Qb1 Qb8
15. Rfd1 Qa8 16. h3 Rc7 17. Ne1 Rfc8 18. Qa1 a6 19. Bd4 Bc6 20. Bf3 e5 21. Bxc6
Qxc6 22. Bb2 Qa4 23. Qb1 a5 24. Qc2 Qc6 25. Qb3 Bf8 26. Nef3 Qb7 27. Bc3 axb4
28. axb4 h6 29. Bb2 b5 30. c5 dxc5 31. bxc5 Nxc5 32. Rxc5 Rxc5 33. Bxe5 Bg7 34.
Bd4 Rc1 35. Ne5 Qd5 36. Rxc1 Rxc1+ 37. Kh2 Qxb3 38. Nxb3 Rc2 0-1

[Event "III Memorial Pedro Lezcano Montalvo 10"]
[Site "Gran Canaria (ESP)"]
[Date "2010.04.04"]
[Round "9.7"]
[White "Vega Gutierrez, Belinda Vidina"]
[Black "Gonzalez Intelangelo, Gerardo"]
[Result "1-0"]
[WhiteElo "2233"]
[BlackElo "2095"]
[PlyCount "39"]
[EventDate "2010.03.29"]
[EventType "swiss"]
[EventRounds "9"]
[EventCountry "ESP"]
[Source "Arranz, Pablo"]
[SourceDate "2010.03.29"]

1. e4 e6 2. d4 d5 3. e5 c5 4. Qg4 Nc6 5. Nf3 Nge7 6. Bd3 Nb4 7. dxc5 Nec6 8.
O-O g6 9. Bg5 Qa5 10. Bf6 Rg8 11. Ng5 h6 12. Nh7 Bxc5 13. Nc3 Nb8 14. Qh4 h5
15. a3 Nxd3 16. cxd3 Qa6 17. Rac1 Nd7 18. b4 Bb6 19. a4 g5 20. Qxh5 1-0

[Event "III Memorial Pedro Lezcano Montalvo 10"]
[Site "Gran Canaria (ESP)"]
[Date "2010.04.04"]
[Round "9.9"]
[White "Ramirez Medina, Oscar"]
[Black "Hernando Rodrigo, Jose Maria"]
[Result "0-1"]
[WhiteElo "1914"]
[BlackElo "2331"]
[PlyCount "76"]
[EventDate "2010.03.29"]
[EventType "swiss"]
[EventRounds "9"]
[EventCountry "ESP"]
[Source "Arranz, Pablo"]
[SourceDate "2010.03.29"]

1. Nf3 Nf6 2. g3 d5 3. c4 c6 4. b3 dxc4 5. bxc4 e5 6. Nc3 Bc5 7. e3 Qe7 8. Bg2
O-O 9. O-O Rd8 10. Qc2 Na6 11. a3 h6 12. Na4 Bg4 13. Nxc5 Nxc5 14. d4 Bxf3 15.
Bxf3 exd4 16. exd4 Ne6 17. Re1 Rxd4 18. Bb2 Rd7 19. Rad1 Rad8 20. Rxd7 Rxd7 21.
Rd1 Rxd1+ 22. Bxd1 Qc5 23. Qe2 Qd6 24. Bc2 c5 25. Be5 Qe7 26. Qd3 Ng5 27. Bxf6
Qxf6 28. Kg2 g6 29. h4 Ne6 30. Qe4 Nd4 31. Bb1 b6 32. Qa8+ Kg7 33. Be4 Qe7 34.
Bb7 Nc2 35. Be4 Nxa3 36. Qd5 Qe6 37. Qxe6 fxe6 38. Bd3 b5 0-1

[Event "III Memorial Pedro Lezcano Montalvo 10"]
[Site "Gran Canaria (ESP)"]
[Date "2010.04.04"]
[Round "9.10"]
[White "Capote Robayna, Nathaniel"]
[Black "Gonzalez Garcia, Guillermo"]
[Result "0-1"]
[WhiteElo "1933"]
[BlackElo "2217"]
[PlyCount "64"]
[EventDate "2010.03.29"]
[EventType "swiss"]
[EventRounds "9"]
[EventCountry "ESP"]
[Source "Arranz, Pablo"]
[SourceDate "2010.03.29"]

1. d4 Nf6 2. c4 e6 3. Nc3 Bb4 4. f3 c5 5. d5 exd5 6. cxd5 d6 7. e4 O-O 8. Bd3
Re8 9. Nge2 a6 10. O-O b5 11. Be3 Nbd7 12. Ng3 Bxc3 13. bxc3 Nxd5 14. exd5 Rxe3
15. Nf5 Re8 16. Nxd6 Rf8 17. Bf5 Nb6 18. Bxc8 Qxd6 19. Bb7 Ra7 20. Bc6 Rd8 21.
Re1 h6 22. Qd3 Qxc6 23. dxc6 Rxd3 24. Re8+ Kh7 25. Rb8 Nd5 26. Rb7 Ra8 27. Rxf7
Rc8 28. Re1 Rxc6 29. Re8 Kg6 30. Ra7 Re3 31. Rg8 Re7 32. Raa8 Nxc3 0-1

[Event "III Memorial Pedro Lezcano Montalvo 10"]
[Site "Gran Canaria (ESP)"]
[Date "2010.04.04"]
[Round "9.11"]
[White "Estevez Hernandez, Cristo"]
[Black "Lopez Pereyra, Antonio"]
[Result "1/2-1/2"]
[WhiteElo "1810"]
[BlackElo "2097"]
[PlyCount "21"]
[EventDate "2010.03.29"]
[EventType "swiss"]
[EventRounds "9"]
[EventCountry "ESP"]
[Source "Arranz, Pablo"]
[SourceDate "2010.03.29"]

1. d4 Nf6 2. c4 d6 3. Nc3 Nbd7 4. Nf3 e5 5. Bg5 Be7 6. dxe5 dxe5 7. e4 O-O 8.
Bd3 c6 9. O-O Qc7 10. Re1 Nc5 11. Bc2 1/2-1/2

[Event "III Memorial Pedro Lezcano Montalvo 10"]
[Site "Gran Canaria (ESP)"]
[Date "2010.04.04"]
[Round "9.12"]
[White "Machin Arbelo, Pedro Alexis"]
[Black "Alvarado Diaz, Alejandro"]
[Result "0-1"]
[WhiteElo "2043"]
[BlackElo "1935"]
[PlyCount "58"]
[EventDate "2010.03.29"]
[EventType "swiss"]
[EventRounds "9"]
[EventCountry "ESP"]
[Source "Arranz, Pablo"]
[SourceDate "2010.03.29"]

1. e4 Nf6 2. Bc4 e6 3. e5 Nd5 4. Bxd5 exd5 5. Qf3 c6 6. d4 d6 7. Ne2 Na6 8. O-O
dxe5 9. dxe5 h5 10. Nd4 Nc7 11. Re1 Be6 12. Nc3 Be7 13. Nf5 Bxf5 14. Qxf5 Ne6
15. Be3 d4 16. Rad1 Qb6 17. Ne4 dxe3 18. Rxe3 g6 19. Nf6+ Bxf6 20. Qxf6 O-O 21.
Rg3 Rad8 22. Rd6 Rxd6 23. exd6 Qd4 24. Qxd4 Nxd4 25. Rd3 Ne6 26. b4 Rd8 27. c4
b6 28. g3 c5 29. Ra3 Rd7 0-1

[Event "III Memorial Pedro Lezcano Montalvo 10"]
[Site "Gran Canaria (ESP)"]
[Date "2010.04.04"]
[Round "9.13"]
[White "Rodriguez Perez, David"]
[Black "Capote Robayna, Johanna"]
[Result "1-0"]
[WhiteElo "2032"]
[BlackElo "1724"]
[PlyCount "97"]
[EventDate "2010.03.29"]
[EventType "swiss"]
[EventRounds "9"]
[EventCountry "ESP"]
[Source "Arranz, Pablo"]
[SourceDate "2010.03.29"]

1. d4 Nf6 2. Bg5 d6 3. Nd2 Nbd7 4. e4 g6 5. f4 Bg7 6. e5 Nd5 7. Qf3 N7b6 8. a3
c6 9. Bd3 dxe5 10. dxe5 O-O 11. O-O-O Na4 12. Nb3 b5 13. Bxb5 cxb5 14. Qxd5 Qc7
15. Qxb5 Bf5 16. Nd4 Bd7 17. Qd3 Rab8 18. b3 Nc5 19. Qc4 Qa5 20. Bxe7 Rfc8 21.
Bxc5 Rxc5 22. Qd3 Qxa3+ 23. Kd2 Rbc8 24. Nge2 Bg4 25. h3 Bxe2 26. Kxe2 Qb4 27.
c4 Qb7 28. Qf3 Qe7 29. Rhe1 Qh4 30. Kf1 Ra5 31. Qg4 Qxg4 32. hxg4 Bh6 33. g5
Bf8 34. Ra1 Rxa1 35. Rxa1 Rd8 36. Nc6 Rd3 37. Rxa7 Rxb3 38. Nd8 Rb4 39. Rc7
Rb1+ 40. Ke2 Rb2+ 41. Kf3 Rb3+ 42. Ke4 Rg3 43. Nxf7 Rxg2 44. Nh6+ Bxh6 45. gxh6
Rh2 46. Rg7+ Kh8 47. e6 Rxh6 48. e7 Kxg7 49. e8=Q 1-0

[Event "III Memorial Pedro Lezcano Montalvo 10"]
[Site "Gran Canaria (ESP)"]
[Date "2010.04.04"]
[Round "9.14"]
[White "Menvielle Lacourrelle, Augusto"]
[Black "Navarro Molina, David"]
[Result "1-0"]
[WhiteElo "2287"]
[BlackElo "1967"]
[PlyCount "113"]
[EventDate "2010.03.29"]
[EventType "swiss"]
[EventRounds "9"]
[EventCountry "ESP"]
[Source "Arranz, Pablo"]
[SourceDate "2010.03.29"]

1. e4 c5 2. Nf3 e6 3. d4 cxd4 4. Nxd4 Nc6 5. Nc3 Qc7 6. Be3 a6 7. Qd2 b5 8. Be2
Nf6 9. a3 Bb7 10. f4 b4 11. axb4 Bxb4 12. Bf3 Na5 13. Qd3 Nc4 14. Bc1 Rc8 15.
Nde2 Qc5 16. Kf1 h5 17. Na4 Qc7 18. c3 Be7 19. b3 Na5 20. c4 Nc6 21. Nec3 Nb4
22. Qe2 d6 23. Ba3 a5 24. Rd1 Nd7 25. Nb5 Qb8 26. Bb2 e5 27. Qd2 Rh6 28. fxe5
Nxe5 29. Ke2 Rg6 30. Rhf1 Ba6 31. Nac3 Nxc4 32. bxc4 Rxc4 33. Kf2 Bxb5 34. Nxb5
Qxb5 35. Be2 Qc6 36. Bxc4 Qxc4 37. Kg1 Qxe4 38. Rde1 Qb7 39. Re2 Kf8 40. Rfe1
Nc6 41. Qd5 Qd7 42. Rc1 Nd8 43. Qxa5 Rg5 44. Qa8 Rc5 45. Rce1 Bh4 46. g3 Bf6
47. Bxf6 gxf6 48. Qf3 Rf5 49. Re8+ Kg7 50. Rxd8 Qa7+ 51. Qe3 Qa5 52. Qe8 Qb6+
53. Kg2 Rf2+ 54. Kh3 Rxh2+ 55. Kxh2 Qf2+ 56. Kh3 Qf5+ 57. Kg2 1-0

[Event "III Memorial Pedro Lezcano Montalvo 10"]
[Site "Gran Canaria (ESP)"]
[Date "2010.04.04"]
[Round "9.15"]
[White "Ramirez Medina, Victor"]
[Black "Sanchez Quintero, Raul"]
[Result "1-0"]
[WhiteElo "1774"]
[BlackElo "2094"]
[PlyCount "55"]
[EventDate "2010.03.29"]
[EventType "swiss"]
[EventRounds "9"]
[EventCountry "ESP"]
[Source "Arranz, Pablo"]
[SourceDate "2010.03.29"]

1. e4 e5 2. Nf3 Nc6 3. Bb5 f5 4. d3 fxe4 5. dxe4 Nf6 6. O-O d6 7. Nbd2 Be7 8.
c3 O-O 9. Qb3+ Kh8 10. Ng5 Qe8 11. Ne6 Bxe6 12. Qxe6 Nh5 13. Nf3 Rf6 14. Qh3
Nf4 15. Bxf4 Rxf4 16. Rae1 g5 17. Qh6 Qg8 18. b3 g4 19. Nh4 Bxh4 20. Qxh4 Qg7
21. Re3 Ne7 22. Be2 Rg8 23. Bc4 Rgf8 24. Be2 R8f6 25. Qh5 Rg6 26. g3 Rf8 27. f3
Rg8 28. fxg4 1-0